Sto čarodejných spôsobov, ako vyjsť s partou, baviť sa a cítiť sa medzi nimi dobre /

Další autoři: Bosco, Marco
Jazyk: Slovenština
Vydáno: V Prahe : Egmont, 2006
Edice: W.I.T.C.H. Tajné knihy
Témata:
Fyzický popis: 96 s. : il. ; 18 cm
Knihy
Uloženo v:
LEADER 01856nam a2200517 a 4500
001 nkc20061687540
003 CZ PrNK
005 20070125160833.0
007 ta
008 060830s2006 xr a c 000 0 slo
015 |a cnb001687540 
020 |a 80-252-0350-6  |q (brož.) 
035 |a (OCoLC)85719724 
040 |a BOA001  |b cze  |d ABA001 
041 1 |a slo  |h eng 
072 7 |a 316.4/.7  |x Sociální interakce. Sociální komunikace  |2 Konspekt  |9 18 
072 7 |a 0/9-053.2  |x Literatura pro děti a mládež (naučná)  |2 Konspekt  |9 26 
080 |a 316.346.32-053.2  |2 MRF 
080 |a 177.63  |2 MRF 
080 |a 316.472.4  |2 MRF 
080 |a (0.053.6)  |2 MRF 
245 0 0 |a Sto čarodejných spôsobov, ako vyjsť s partou, baviť sa a cítiť sa medzi nimi dobre /  |c [Marco Bosco ... et al. ; preklad Irena Novotná] 
246 3 |a 100 čarodejných spôsobov, ako vyjsť s partou, baviť sa a cítiť sa medzi nimi dobre 
246 3 0 |a S partou 
246 1 8 |a Parta 
246 1 8 |a Tajné knihy - parta 
260 |a V Prahe :  |b Egmont,  |c 2006 
300 |a 96 s. :  |b il. ;  |c 18 cm 
490 1 |a W.I.T.C.H. Tajné knihy 
500 |a Přeloženo z angličtiny? 
650 0 7 |a děti a mládež  |7 ph119707  |2 czenas 
650 0 7 |a přátelství  |7 ph124922  |2 czenas 
650 0 7 |a interpersonální vztahy  |7 ph114786  |2 czenas 
650 0 9 |a children and youth  |2 eczenas 
650 0 9 |a friendship  |2 eczenas 
650 0 9 |a interpersonal relations  |2 eczenas 
655 7 |a publikace pro mládež  |7 fd133157  |2 czenas 
655 9 |a juvenile literature  |2 eczenas 
700 1 |a Bosco, Marco  |7 xx0009277  |4 aut 
830 0 |a W.I.T.C.H.  |p Tajné knihy  |0 s 
910 2 |a BOA001  |b M1-1177.054 
928 9 |a Egmont ČR 
990 |a BK 
995 |a 01 
991 |b 200612 
996 6 |b 2610294539  |c M1-1177.054  |l MZK  |r Sklad / do 24 hodin  |n 0  |p p.v.  |w 000832977  |u 000010  |a 1  |e BOA001  |j MZK50  |s P